Statistics for Barbara Walters' 10 Most Fascinating People Since 1993

Click here to take the quiz!

General Stats

  • This quiz has been taken 44 times
    (32 since last reset)
  • The average score is 31 of 161

Answer Stats

Year(s)Occupation/Known For...Answer% Correct
2007Former U.S. PresidentBill Clinton
90%
2009First LadyMichelle Obama
90%
2008PresidentBarack Obama
87%
1993,2003,2012First Lady/PoliticianHilary Rodham Clinton
87%
2002First LadyLaura Bush
80%
2003SingerBeyonce Knowles
63%
1999,2005CyclistLance Armstrong
63%
2006ActorsBrad Pitt and Angelina Jolie
60%
1997RoyaltyPrince William of Wales
60%
1997Singer/MusicianElton John
57%
2009Children of Pop IconPrince, Paris, and Blanket Jackson
57%
2004Talk Show Host/PhilanthropistOprah Winfrey
53%
1996,2005,2008ActorTom Cruise
53%
2004,2011Entrepreneur/TV PersonalityDonald Trump
50%
2006Rapper/BusinessmanJay-Z
50%
1994Team OwnerJerry Jones
50%
2004"Actress"Paris Hilton
50%
2002British RoyaltyQueen Elizabeth II
50%
2008Actor, Producer, RapperWill Smith
50%
1994Former US PresidentJimmy Carter
47%
2011Socialites/Reality TV Starsthe Kardashian Family
47%
1997, 2003Actor/GovernorArnold Schwarzenegger
43%
1997Comedian/ActreeEllen DeGeneres
43%
2010British RoyaltyKate Middleton, Duchess of Cambridge
43%
2003,2010AthleteLeBron James
43%
1999Former White House InternMonica Lewinsky
43%
1994FilmmakerSteven Spielberg
43%
1998Company FounderBill Gates
40%
2012AuthorE.L. James
40%
2007AuthorJK Rowling
40%
1993PoetMaya Angelou
40%
2012British RoyaltyPrince Harry of Wales
40%
2010Website CreatorMark Zuckerberg
37%
2011Former CEOSteve Jobs
37%
2003,2010SingerJennifer Lopez
33%
1993ComedianDavid Letterman
30%
1995Comedian/ActorJim Carrey
30%
2009Singer/ActivistLady Gaga
30%
2006Speaker of the HouseNancy Pelosi
30%
2011SocialitePippa Middleton
30%
2010ActressBetty White
27%
1995Former GeneralColin Powell
27%
2009Radio and TV HostGlenn Beck
27%
2002ActressHalle Berry
27%
2010Reality TV StarsJersey Shore Cast
27%
1999Governor/Former WrestlerJesse Ventura
27%
1996,2003TV PersonalityMartha Stewart
27%
1993,2008Radio PersonalityRush Limbaugh
27%
2006Fashion EditorAnna Wintour
23%
2005Secretary of StateCondoleezza Rice
23%
2005RapperKanye West
23%
1998Roman Catholic NunMother Teresa
23%
1995Speaker of the HouseNewt Gingrich
23%
2003TV Show HostsQueer Eye for the Straight Guy Hosts
23%
2010ActressSandra Bullock
23%
1995Media ExecutiveTed Turner
23%
1997,2010AthleteTiger Woods
23%
1994,1998ActorTom Hanks
23%
2003,2012ActorBen Affleck
20%
2009QuarterbackBrett Favre
20%
1996Comedienne and TV HostRosie O'Donnell
20%
2005British RoyaltyCamilla Parker Bowles, Duchess of Cornwall
17%
2007"Supercouple"David Beckham and Victoria Beckham
17%
1995AttorneyJohn F. Kennedy Jr.
17%
1998Astronaut/SenatorJohn Glenn
17%
2007Singer/ActorJustin Timberlake
17%
2011SingerKaty Perry
17%
2004Game Show ContestantKen Jennings
17%
2004FilmmakerMichael Moore
17%
1999SingerRicky Martin
17%
2008,2009,2010Politician, AuthorSarah Palin
17%
2011TV JudgeSimon Cowell
17%
2011Acquitted of MurderAmanda Knox
13%
2012GovernorChris Christie
13%
1993ActorClint Eastwood
13%
1998FilmmakerJames Cameron
13%
2004Political ConsultantKarl Rove
13%
2004ActorMel Gibson
13%
2008AthleteMichael Phelps
13%
2012BandOne Direction
13%
2002MusicianOzzy Osbourne
13%
2002TV Host/AuthorPhil McGraw
13%
2012Voice Actor/Writer/ComedianSeth MacFarlane
13%
2009Actor, Director,AuthorTyler Perry
13%
2012Reality StarAlana "Honey Boo Boo" Thompson
10%
**2010, 2012US Army GeneralDavid Petraeus
10%
2012AthleteGabrielle Douglas
10%
1993DoctorJack Kevorkian
10%
2007Singer/ActressJennifer Hudson
10%
2008Singer/ActressMiley Cyrus
10%
1994PresidentNelson Mandela
10%
1994EntrepreneurRupert Murdoch
10%
2002Figure SkaterSarah Hughes
10%
2004Website FoundersSergey Brin and Larry Page
10%
2008Comedian, Author, ActressTina Fey
10%
1994Singer/ActressBarbra Streisand
7%
1998Actor/ComedianChris Rock
7%
2011AthleteDerek Jeter
7%
2011ActorsJesse Tyler Ferguson and Eric Stonestreet
7%
1999Team ManagerJoe Torre
7%
2006Father of kidnapping victimJohn Ramsey
7%
1995EMTRick Nelson (OKC Bombing rescuer)
7%
2002NutritionalistRobert Atkins
7%
1993AthleteShaquille O'Neal
7%
2008Transgender ManThomas Beatie
7%
2007EntrepreneursTom Anderson and Chris DeWolfe
7%
2004SingerUsher
7%
1997EconomistAlan Greenspan
3%
1993Television PersonalityConnie Chung
3%
1996Wife of PoliticianElizabeth Dole
3%
2007PresidentHugo Chavez
3%
2005ActorJamie Foxx
3%
1996,1998TV HostJerry Springer
3%
1997TV PersonalityKathie Lee Gifford
3%
1996AthleteKerri Strug
3%
1999KingKing Abdullah II
3%
1997Secretary of StateMadeleine Albright
3%
1998AthleteMark McGwire
3%
1994,1996Figure SkatersOksana Baiul and Viktor Petrenko
3%
2003Stage PerformersSiegfried and Roy
3%
1993Special Effects ArtistStan Winston
3%
2009SingerAdam Lambert
0%
2006AthleteAndre Agassi
0%
1993Media ExecutiveBarry Diller
0%
1996Prime MinisterBenjamin Netanyahu
0%
2005ActivistBeth Holloway-Twitty
0%
1998ActressCalista Flockhart
0%
2002Police OfficerChief Moose
0%
1995ActorChristopher Reeves
0%
1995SingerCourtney Love
0%
2004AthleteCurt Schilling
0%
2005ActressDakota Fanning
0%
1996AthleteDennis Rodman
0%
2007Radio Host/WriterDon Imus
0%
2008ActorFrank Langella
0%
1998SingerGeri Halliwell
0%
2011Businessman/PoliticianHerman Cain
0%
1997EmbryologistIan Wilmut
0%
1993ArchitectJames Freed
0%
2009Heiress, Investment BankerJenny Sanford
0%
2006PreacherJoel Osteen
0%
1999Circus RingmasterJohnathan Lee Iverson
0%
2009TV PersonalityKate Gosselin
0%
2007ActressKatherine Heigl
0%
1993Singerk.d. lang
0%
1994Defense AttorneyLeslie Abramson
0%
1996AuthorMichael Crichton
0%
1997Dancer/ChoreographerMichael Flatley
0%
1995AthleteMonica Seles
0%
1995PhilanthropistOseola McCarty
0%
2006ActorPatrick Dempsey
0%
2006ActorSacha Baron Cohen
0%
1996AstronautShannon Lucid
0%
2002Enron whistle-blowerSherron Watkins
0%
2006TV PersonalitiesSteve and Terri Irwin
0%
1999Multimedia TycoonSumner Redstone
0%
1994,1999ActressSusan Lucci
0%
2005ActressTeri Hatcher
0%
2005AttorneyThomas Mesereau
0%
2002ActorTobey Maguire
0%
2003U.S. Army GeneralTommy Franks
0%

Score Distribution

Percentile by Number Answered

Percent of People with Each Score

Your Score History

You have not taken this quiz since the last reset